Program obnovy dediny

Program obnovy dediny v západnej Európe je známy už vyše dvadsať rokov. Slovensko sa k tomuto programu prihlásilo v r. 1991 uznesením slovenskej vlády č.395/1991, na základe ktorého sa program obnovy dediny začal realizovať. Základné ciele programu obnovy dediny. Aktualizácia 1996 - aktualizovaný pr...

Descripción completa

Guardado en:
Detalles Bibliográficos
Autor principal: Hudcovská, Jelena
Formato: Libro
Lenguaje:eslovaco
Materias:
Etiquetas: Agregar Etiqueta
Sin Etiquetas, Sea el primero en etiquetar este registro!

MARC

LEADER 00000nam a2200000 4500
001 r031483
005 20230925095552.6
041 0 |a slo 
044 |a SK 
245 1 0 |a Program obnovy dediny  |c Jelena Hudcovská 
520 |a Program obnovy dediny v západnej Európe je známy už vyše dvadsať rokov. Slovensko sa k tomuto programu prihlásilo v r. 1991 uznesením slovenskej vlády č.395/1991, na základe ktorého sa program obnovy dediny začal realizovať. Základné ciele programu obnovy dediny. Aktualizácia 1996 - aktualizovaný program obnovy dediny v r. 1997 uznesením č. 222. 
610 2 0 |a obce 
610 2 0 |a štát 
610 2 0 |a programy vládne 
610 2 0 |a dotácie 
610 2 0 |a plán územný 
610 2 0 |a ZMOS 
610 2 0 |a Slovensko 
610 2 0 |a MŽP SR Bratislava 
100 1 |a Hudcovská, Jelena